000 00554nam a22002297a 4500
003 UA-OsUOA
001 87314
007 ta
008 20120917b un ||||| |||| 00| 0 ukr d
100 _aПашуто В. Т.
090 _a94(47+571)
_bП22
942 _cBK
040 _aUA-OsUOA
_brus
_cUA-OsUOA
_dUA-OsUOA
245 _aРеваншисты - псевдоисторики России
300 _a157 с.
955 _a4
041 _arus
080 _a94(47+571)
260 _aМ.
_bНаука
_c1971
650 7 _2UDC
999 _c373548
_d373548